| 000 | 00760cam a2200229 4500 | ||
|---|---|---|---|
| 999 |
_c36277 _d36277 |
||
| 001 | 291705 | ||
| 003 | ARRUPE | ||
| 005 | 20170612103340.0 | ||
| 008 | 691202s1968 nr ac 000 0 eng | ||
| 010 | _a 70007878 | ||
| 040 |
_aDLC _cDLC _dDLC |
||
| 050 | 0 | 0 |
_aDT515.9.B4 _bE35 1968 |
| 082 | 0 | 0 | _a966.9/2 |
| 100 | 1 |
_aEgharevba, Jacob U. _932542 |
|
| 245 | 1 | 2 |
_aA short history of Benin, _cby Jacob Egharevba. |
| 250 | _a4th ed. | ||
| 260 |
_a[Ibadan, _bIbadan University Press] _c1968. |
||
| 300 |
_axv, 100 p. _billus., ports. _c22 cm. |
||
| 500 | _aImprint covered by label: Africana Pub. Corp., New York. | ||
| 651 | 0 |
_aBenin (Nigeria) _xHistory. _932543 |
|
| 906 |
_a7 _bcbc _corignew _du _encip _f19 _gy-gencatlg |
||
| 942 |
_2lcc _cMONOGRAPH |
||